Normal view MARC view
  • Universities UK

Entry Corporate Name

Number of records used in: 2

001 - CONTROL NUMBER

  • control field: 5896

003 - CONTROL NUMBER IDENTIFIER

  • control field: SIRSI

005 - DATE AND TIME OF LATEST TRANSACTION

  • control field: 20190806150247.0

008 - FIXED-LENGTH DATA ELEMENTS

  • fixed length control field: 101117n| acannaabn |n ana d

040 ## - CATALOGING SOURCE

  • Original cataloging agency: OSt
  • Transcribing agency: OSt

110 2# - HEADING--CORPORATE NAME

  • Corporate name or jurisdiction name as entry element: Universities UK

670 ## - SOURCE DATA FOUND

  • Source citation: Code of practice for the management of student housing, [2010?]